Habitar la biblioteca / (Record no. 4637)

MARC details
000 -LEADER
campo de control de longitud fija 00483nam a2200157 4500
005 - FECHA Y HORA DE LA ÚLTIMA TRANSACCIÓN
campo de control 20260410223451.0
008 - DATOS DE LONGITUD FIJA--INFORMACIÓN GENERAL
campo de control de longitud fija -
040 ## - FUENTE DE CATALOGACIÓN
Centro catalogador/agencia de origen Biblioteca LadoV Teorética
Centro/agencia transcriptor Biblioteca LadoV Teorética
082 04 - NÚMERO DE LA CLASIFICACIÓN DECIMAL DEWEY
Número de clasificación 025.58
Número de ítem R323h
100 1# - ENTRADA PRINCIPAL--NOMBRE DE PERSONA
Nombre de persona Reed-Leal, Andrea
245 10 - MENCIÓN DEL TÍTULO
Título Habitar la biblioteca /
Mención de responsabilidad, etc. por Andrea Reed-Leal
260 #1 - PUBLICACIÓN, DISTRIBUCIÓN, ETC.
Lugar de publicación, distribución, etc. Mexico :
Nombre del editor, distribuidor, etc. Ex Libris,
Fecha de publicación, distribución, etc. 2023
300 ## - DESCRIPCIÓN FÍSICA
Extensión 13 contenidos :
Otras características físicas formato creativo y materiales diversos ;
Dimensiones 23 x 15 cm.
650 #4 - PUNTO DE ACCESO ADICIONAL DE MATERIA--TÉRMINO DE MATERIA
Término de materia o nombre geográfico como elemento de entrada BIBLIOTECA
942 ## - ELEMENTOS DE ENTRADA SECUNDARIOS (KOHA)
Fuente del sistema de clasificación o colocación Clasificación Decimal Dewey
Tipo de ítem Koha Libros
Suprimir en OPAC No
Holdings
Estatus retirado Estado de pérdida Fuente del sistema de clasificación o colocación Estado de daño No para préstamo Biblioteca de origen Biblioteca actual Fecha de adquisición Total de préstamos Signatura topográfica completa Visto por última vez Precio de reemplazo Tipo de ítem Koha
    Clasificación Decimal Dewey     Biblioteca LadoV Biblioteca LadoV 10/04/2026   025.58 R323h 10/04/2026 10/04/2026 Libros